000 00591nam a22002052 4500
001 0000024910
005 20151217152307.0
008 140325s xx 000 0 eng d
020 _a0470587867 :
040 _aKABU
_cKABUl
245 1 4 _aThe Minister's manual /
_cedited by Lee McGlone.
250 _a2011 ed.
260 _aDanvers, MA :
_bJossey-Bass,
_c2011.
300 _avi, 418 p. +
_e1 CD-ROM.
650 0 _aSermons.
_@0000149579
700 1 _aMcGlone, Lee.
_@0000185186
852 1 _9p2750 KES
908 _a140325
950 _@1
999 _c10419
_d10419